Accidents and emergencies : (Record no. 4016)

MARC details
000 -LEADER
fixed length control field 01257pam a2200361 a 4500
001 - CONTROL NUMBER
control field 2894690
003 - CONTROL NUMBER IDENTIFIER
control field OSt
005 - DATE AND TIME OF LATEST TRANSACTION
control field 20160513144925.0
008 - FIXED-LENGTH DATA ELEMENTS--GENERAL INFORMATION
fixed length control field 870427s1987 enka b 001 0 eng c
010 ## - LIBRARY OF CONGRESS CONTROL NUMBER
LC control number 87012277
020 ## - INTERNATIONAL STANDARD BOOK NUMBER
International Standard Book Number 019261650
040 ## - CATALOGING SOURCE
Original cataloging agency DNLM/DLC
Transcribing agency DLC
Modifying agency DLC
050 00 - LIBRARY OF CONGRESS CALL NUMBER
Classification number RC86.8
Item number .H37 1987
060 ## - NATIONAL LIBRARY OF MEDICINE CALL NUMBER
Classification number WA 39 H271a
082 00 - DEWEY DECIMAL CLASSIFICATION NUMBER
Classification number WA 39
Item number H271a 1987
100 1# - MAIN ENTRY--PERSONAL NAME
Personal name Hardy, R. H.
9 (RLIN) 8760
245 10 - TITLE STATEMENT
Title Accidents and emergencies :
Remainder of title a practical handbook for personal use /
Statement of responsibility, etc. R.H. Hardy.
250 ## - EDITION STATEMENT
Edition statement 5th ed. /
Remainder of edition statement rev. by John Bache.
260 ## - PUBLICATION, DISTRIBUTION, ETC. (IMPRINT)
Place of publication, distribution, etc. Oxford ;
-- New York :
Name of publisher, distributor, etc. Oxford University Press,
Date of publication, distribution, etc. 1987.
300 ## - PHYSICAL DESCRIPTION
Extent xvi, 395 p. :
Other physical details ill. ;
Dimensions 18 cm.
440 #0 - SERIES STATEMENT/ADDED ENTRY--TITLE
Title Oxford medical publications
9 (RLIN) 860
500 ## - GENERAL NOTE
General note Includes index.
504 ## - BIBLIOGRAPHY, ETC. NOTE
Bibliography, etc Bibliography: p. 379-381.
650 #0 - SUBJECT ADDED ENTRY--TOPICAL TERM
Topical term or geographic name as entry element Emergency medicine
General subdivision Handbooks, manuals, etc.
9 (RLIN) 8761
650 #0 - SUBJECT ADDED ENTRY--TOPICAL TERM
Topical term or geographic name as entry element Accidents
General subdivision Handbooks, manuals, etc.
9 (RLIN) 8762
650 #2 - SUBJECT ADDED ENTRY--TOPICAL TERM
Topical term or geographic name as entry element Accidents
General subdivision handbooks.
9 (RLIN) 8763
650 #2 - SUBJECT ADDED ENTRY--TOPICAL TERM
Topical term or geographic name as entry element Emergencies
General subdivision handbooks.
9 (RLIN) 8764
650 #2 - SUBJECT ADDED ENTRY--TOPICAL TERM
Topical term or geographic name as entry element First Aid
General subdivision handbooks.
9 (RLIN) 8765
700 1# - ADDED ENTRY--PERSONAL NAME
Personal name Bache, John B.
9 (RLIN) 8766
856 42 - ELECTRONIC LOCATION AND ACCESS
Materials specified Publisher description
Uniform Resource Identifier http://www.loc.gov/catdir/enhancements/fy0640/87012277-d.html
906 ## - LOCAL DATA ELEMENT F, LDF (RLIN)
a 7
b cbc
c orignew
d 1
e ocip
f 19
g y-gencatlg
942 ## - ADDED ENTRY ELEMENTS (KOHA)
Source of classification or shelving scheme Dewey Decimal Classification
Koha item type Short Loan
Holdings
Withdrawn status Lost status Source of classification or shelving scheme Damaged status Not for loan Home library Current library Date acquired Inventory number Total Checkouts Full call number Barcode Date last seen Price effective from Koha item type
    Dewey Decimal Classification     MUST Main Library MUST Main Library 13/05/2016 1997/10363   WA 39 H271a 1987 2016-1859 13/05/2016 13/05/2016 Short Loan